[Event "Mecklenburg VP Verbandsliga 2021"]
[Site "Mecklenburg VP"]
[Date "2020.09.27"]
[Round "1.4"]
[White "Rabinowitsch, Juri"]
[Black "Grahl, Arvid"]
[Result "0-1"]
[WhiteElo "1910"]
[BlackElo "2188"]
[PlyCount "56"]
[EventDate "2020.09.27"]
[EventType "team-tourn"]
[EventRounds "9"]
[EventCountry "GER"]
[SourceTitle "EXT 2024"]
[Source "ChessBase"]
[SourceDate "2023.10.10"]
[SourceVersion "1"]
[SourceVersionDate "2023.10.10"]
[SourceQuality "1"]
[WhiteTeam "Schwerin SF III"]
[BlackTeam "Schwerin SF II"]
[WhiteTeamCountry "GER"]
[BlackTeamCountry "GER"]

1. e4 d6 2. d4 g6 3. Nc3 Bg7 4. Nf3 a6 5. Be3 b5 6. a3 Bb7 7. Qd2 Nf6 8. d5 c6 9. Be2 cxd5 10. exd5 Nbd7 11. Bh6 0-0 12. Bxg7 Kxg7 13. h4 h5 14. Nd4 Nb6 15. g4 hxg4 16. h5 Rh8 17. 0-0-0 Nbxd5 18. hxg6 Nxc3 19. Nf5+ Kxg6 20. Rxh8 Nxe2+ 21. Qxe2 Qxh8 22. Nxe7+ Kg7 23. Nf5+ Kg8 24. Ne7+ Kf8 25. Nf5 Re8 26. Qd2 Ne4 27. Qf4 Qf6 28. Re1 Re5 0-1

[Event "Mecklenburg VP LL2 West 1819"]
[Site "Mecklenburg VP"]
[Date "2019.03.10"]
[Round "7.2"]
[White "Rabinowitsch, Juri"]
[Black "Herde, Dittmar"]
[Result "1-0"]
[WhiteElo "1910"]
[BlackElo "1938"]
[PlyCount "103"]
[EventDate "2018.10.21"]
[EventType "team-tourn"]
[EventRounds "9"]
[EventCountry "GER"]
[SourceTitle "EXT 2022"]
[Source "ChessBase"]
[SourceDate "2021.10.06"]
[SourceVersion "1"]
[SourceVersionDate "2021.10.06"]
[SourceQuality "1"]
[WhiteTeam "Schwerin SF IV"]
[BlackTeam "Rostock SSC 07 II"]
[WhiteTeamCountry "GER"]
[BlackTeamCountry "GER"]

1. e4 c5 2. Nf3 d6 3. d4 cxd4 4. Nxd4 Nf6 5. Nc3 g6 6. Be2 Bg7 7. Be3 0-0 8. Qd2 Nc6 9. 0-0-0 d5 10. Nxc6 bxc6 11. exd5 cxd5 12. Nxd5 Nxd5 13. Qxd5 Qc7 14. Qxa8 Bf5 15. Qxf8+ Kxf8 16. Bd3 Qb8 17. c3 Be6 18. Bb1 f5 19. Rd3 f4 20. Bd4 Bh6 21. f3 Bc4 22. Rd2 e5 23. Bc5+ Ke8 24. Re1 Bg7 25. Re4 Qb5 26. Bxa7 Bf1 27. Re1 Bc4 28. Bd4 Kf7 29. Bf2 Bd5 30. Red1 Be6 31. Re1 h5 32. Rde2 g5 33. h3 g4 34. hxg4 hxg4 35. b3 gxf3 36. gxf3 Qc6 37. Kb2 e4 38. Bd4 e3 39. Be4 Qa6 40. Bxg7 Kxg7 41. Rg2+ Kf7 42. Rg6 Qd6 43. Rg2 Qe7 44. Rh1 Qf6 45. Rh5 Ke8 46. Kc2 Kd8 47. Rg6 Qe7 48. Rh8+ Kc7 49. Rh2 Qd7 50. Rg7 Bf7 51. Rxf7 Qxf7 52. Rh7 1-0

[Event "Mecklenburg VP VL 1516"]
[Site "Mecklenburg VP"]
[Date "2016.02.21"]
[Round "6.2"]
[White "Rabinowitsch, Juri"]
[Black "Mangold, Thomas"]
[Result "1/2-1/2"]
[WhiteElo "1888"]
[BlackElo "1937"]
[PlyCount "46"]
[EventDate "2015.09.20"]
[EventType "team-tourn"]
[EventRounds "9"]
[EventCountry "GER"]
[SourceTitle "EXT 2022"]
[Source "ChessBase"]
[SourceDate "2021.10.06"]
[SourceVersion "1"]
[SourceVersionDate "2021.10.06"]
[SourceQuality "1"]
[WhiteTeam "Schwerin SF IV"]
[BlackTeam "Rostock SSC 07 II"]
[WhiteTeamCountry "GER"]
[BlackTeamCountry "GER"]

1. e4 e5 2. Nf3 d6 3. d4 exd4 4. Nxd4 Nf6 5. Nc3 Be7 6. Bd3 0-0 7. 0-0 Re8 8. f4 Bf8 9. Re1 c5 10. Nf3 Nc6 11. h3 Qc7 12. Bd2 a6 13. Nd5 Nxd5 14. exd5 Rxe1+ 15. Qxe1 Ne7 16. c4 Bf5 17. Qe2 g6 18. Re1 Bg7 19. b3 Bxd3 20. Qxd3 Nf5 21. Bc3 Qd7 22. Bxg7 Nxg7 23. Kf2 Re8 1/2-1/2

[Event "Mecklenburg VP VL 1516"]
[Site "Mecklenburg VP"]
[Date "2015.12.13"]
[Round "4.3"]
[White "Schmekel, Florian"]
[Black "Rabinowitsch, Juri"]
[Result "1-0"]
[WhiteElo "1929"]
[BlackElo "1888"]
[PlyCount "147"]
[EventDate "2015.09.20"]
[EventType "team-tourn"]
[EventRounds "9"]
[EventCountry "GER"]
[SourceTitle "EXT 2022"]
[Source "ChessBase"]
[SourceDate "2021.10.06"]
[SourceVersion "1"]
[SourceVersionDate "2021.10.06"]
[SourceQuality "1"]
[WhiteTeam "Torgelow Droegeheide"]
[BlackTeam "Schwerin SF IV"]
[WhiteTeamCountry "GER"]
[BlackTeamCountry "GER"]

1. d4 Nf6 2. c4 e6 3. Nf3 c5 4. d5 d6 5. Nc3 Be7 6. e4 e5 7. Be2 0-0 8. 0-0 Ne8 9. Qc2 f5 10. exf5 Bxf5 11. Bd3 g6 12. Be3 Ng7 13. a3 Nd7 14. b4 b6 15. bxc5 Nxc5 16. Bxc5 bxc5 17. Rab1 Qd7 18. Rb3 Rab8 19. Rfb1 Rxb3 20. Rxb3 Qc7 21. Be4 Rb8 22. Qb1 Rxb3 23. Qxb3 Bd7 24. Bc2 Nf5 25. Ne4 Qb6 26. h3 Kf7 27. g4 Ng7 28. Nfd2 Qxb3 29. Bxb3 h5 30. f3 hxg4 31. fxg4 Ne8 32. Nc3 Bg5 33. Nde4 Be3+ 34. Kg2 Ke7 35. Kf3 Bc1 36. a4 a6 37. Ne2 Bh6 38. h4 Bg7 39. N2g3 Nf6 40. Nxf6 Bxf6 41. g5 Bg7 42. Bc2 Kf7 43. Ne4 Ke7 44. Ng3 Kf7 45. h5 gxh5 46. Nxh5 Bh8 47. Kg3 Bg7 48. Kh4 Bh8 49. g6+ Kf8 50. Kg5 Bg7 51. a5 Bh3 52. Bd3 Bd7 53. Bf5 Bxf5 54. Kxf5 Bh6 55. Ke6 e4 56. Ng3 e3 57. Ne2 Kg7 58. Kxd6 Kxg6 59. Kxc5 Kf6 60. Kd4 Ke7 61. c5 Kd7 62. Ke4 Bf8 63. c6+ Kd6 64. Nd4 Ke7 65. Nf5+ Kd8 66. Kxe3 Bb4 67. d6 Bxa5 68. Kd4 Bb6+ 69. Kd5 a5 70. Ng7 a4 71. Ne6+ Kc8 72. Kc4 Ba5 73. Kd3 Kb8 74. d7 1-0

[Event "Mecklenburg VP VL 1516"]
[Site "Mecklenburg VP"]
[Date "2015.09.20"]
[Round "1.4"]
[White "Kutschke, Peter"]
[Black "Rabinowitsch, Juri"]
[Result "1-0"]
[WhiteElo "2000"]
[BlackElo "1888"]
[PlyCount "99"]
[EventDate "2015.09.20"]
[EventType "team-tourn"]
[EventRounds "9"]
[EventCountry "GER"]
[SourceTitle "EXT 2022"]
[Source "ChessBase"]
[SourceDate "2021.10.06"]
[SourceVersion "1"]
[SourceVersionDate "2021.10.06"]
[SourceQuality "1"]
[WhiteTeam "Schwerin SF III"]
[BlackTeam "Schwerin SF IV"]
[WhiteTeamCountry "GER"]
[BlackTeamCountry "GER"]

1. e4 c5 2. c4 Nc6 3. Ne2 Nf6 4. Nbc3 d6 5. d4 cxd4 6. Nxd4 e6 7. Be2 Be7 8. 0-0 0-0 9. Be3 a6 10. Qd2 e5 11. Nxc6 bxc6 12. f3 Be6 13. Rfd1 Qc7 14. Rac1 Rfb8 15. b3 Qb7 16. Qe1 d5 17. cxd5 cxd5 18. exd5 Nxd5 19. Nxd5 Bxd5 20. Qa5 Bc6 21. Qxe5 Re8 22. Qc3 Rac8 23. Bc4 Ba3 24. Rc2 Bb5 25. Bf2 h6 26. Qa5 Bf8 27. Rdc1 Bxc4 28. bxc4 Qc6 29. c5 Rb8 30. Qc3 Be7 31. Bd4 Bg5 32. Rf1 g6 33. f4 Be7 34. f5 g5 35. h4 Red8 36. f6 Bf8 37. hxg5 hxg5 38. Qe3 Rd5 39. Qe4 Re8 40. Qg4 Bh6 41. Qh5 Bf8 42. Rc3 Re4 43. Rh3 Rh4 44. Rxh4 gxh4 45. Qg4+ Kh7 46. Qe4+ Kg8 47. Rf5 Rxc5 48. Qg4+ Kh7 49. Rxc5 Bxc5 50. Qg7# 1-0

[Event "Mecklenburg VP LL2 West 1314"]
[Site "Mecklenburg VP"]
[Date "2014.01.19"]
[Round "5.2"]
[White "Kornblum, Harry"]
[Black "Rabinowitsch, Juri"]
[Result "0-1"]
[WhiteElo "1868"]
[BlackElo "1844"]
[PlyCount "48"]
[EventDate "2013.10.27"]
[EventType "team-tourn"]
[EventRounds "9"]
[EventCountry "GER"]
[SourceTitle "EXT 2022"]
[Source "ChessBase"]
[SourceDate "2021.10.06"]
[SourceVersion "1"]
[SourceVersionDate "2021.10.06"]
[SourceQuality "1"]
[WhiteTeam "Kuehlungsborn SV Empor"]
[BlackTeam "Schwerin SF IV"]
[WhiteTeamCountry "GER"]
[BlackTeamCountry "GER"]

1. d4 Nf6 2. c4 g6 3. Nc3 Bg7 4. e4 d6 5. Nf3 0-0 6. Be2 Nc6 7. d5 Nb8 8. 0-0 a5 9. h3 Nbd7 10. Be3 e5 11. a3 Ne8 12. Nd2 f5 13. f4 Ndf6 14. Bd3 exf4 15. Bxf4 fxe4 16. Ndxe4 Nxe4 17. Bxe4 Qh4 18. Qd2 Nf6 19. Bd3 Nh5 20. Be3 Bd7 21. Ne4 Ng3 22. Nxg3 Qxg3 23. Bf4 Qh4 24. Kh2 Rxf4 0-1

[Event "Mecklenburg VP LL2 West 1112"]
[Site "Mecklenburg VP"]
[Date "2012.04.15"]
[Round "9.1"]
[White "Stadler, Bertino"]
[Black "Rabinowitsch, Juri"]
[Result "0-1"]
[WhiteElo "1692"]
[BlackElo "1835"]
[PlyCount "94"]
[EventDate "2011.10.02"]
[EventType "team-tourn"]
[EventRounds "9"]
[EventCountry "GER"]
[SourceTitle "EXT 2022"]
[Source "ChessBase"]
[SourceDate "2021.10.06"]
[SourceVersion "1"]
[SourceVersionDate "2021.10.06"]
[SourceQuality "1"]
[WhiteTeam "Kuehlungsborn SV Empor"]
[BlackTeam "Schwerin SF III"]
[WhiteTeamCountry "GER"]
[BlackTeamCountry "GER"]

1. e4 c5 2. Nf3 d6 3. Be2 Nf6 4. d3 Nc6 5. c3 e6 6. 0-0 Be7 7. h3 0-0 8. Nh2 d5 9. Qc2 Qc7 10. f4 a6 11. a4 Bd7 12. e5 Ne8 13. Nd2 f6 14. exf6 Nxf6 15. Rf2 Bd6 16. Ndf1 e5 17. fxe5 Bxe5 18. Bd2 Rae8 19. Bg5 h6 20. Bxf6 Rxf6 21. Rxf6 Bxf6 22. Bf3 d4 23. Ng4 Bg5 24. Qf2 Qd6 25. Re1 Rxe1 26. Qxe1 dxc3 27. Qxc3 Nd4 28. Bd1 Kh7 29. Nf2 Bxa4 30. Qe1 Bc6 31. Ne4 Qe5 32. h4 Bf6 33. Nfd2 b5 34. Nf3 Nxf3+ 35. Bxf3 Qd4+ 36. Kh1 Qxb2 37. h5 Qa1 38. Nxf6+ Qxf6 39. Bd1 Qg5 40. Qf2 a5 41. Kh2 Qe5+ 42. Kh1 a4 43. Bg4 Kg8 44. Qh4 Qf6 45. Qg3 b4 46. Qb8+ Kh7 47. Qc8 Qf1+ 0-1

[Event "Mecklenburg VP LL2 West 1011"]
[Site "Mecklenburg VP"]
[Date "2011.01.23"]
[Round "6.1"]
[White "Rabinowitsch, Juri"]
[Black "Illgen, Alexander"]
[Result "0-1"]
[WhiteElo "1784"]
[BlackElo "1953"]
[PlyCount "132"]
[EventDate "2010.10.10"]
[EventType "team-tourn"]
[EventRounds "9"]
[EventCountry "GER"]
[SourceTitle "EXT 2022"]
[Source "ChessBase"]
[SourceDate "2021.10.06"]
[SourceVersion "1"]
[SourceVersionDate "2021.10.06"]
[SourceQuality "1"]
[WhiteTeam "Schwerin SF III"]
[BlackTeam "Ludwigslust Post SV"]
[WhiteTeamCountry "GER"]
[BlackTeamCountry "GER"]

1. e4 d6 2. d4 Nf6 3. Nc3 g6 4. Nf3 Bg7 5. Be2 0-0 6. 0-0 b6 7. Bg5 Bb7 8. e5 Ne4 9. Nxe4 Bxe4 10. Nd2 Bc6 11. exd6 Qxd6 12. c3 Nd7 13. Bf3 Nf6 14. Re1 Bxf3 15. Qxf3 Rfe8 16. Bf4 Qd7 17. Nc4 Qd5 18. Qxd5 Nxd5 19. Be5 Rac8 20. Re4 Red8 21. Bxg7 Kxg7 22. Rae1 e6 23. Ne5 c6 24. g3 Rc7 25. Kg2 b5 26. Nd3 a5 27. Nf4 Rcd7 28. Nxd5 Rxd5 29. Re5 b4 30. Rxd5 Rxd5 31. Kf3 Kf6 32. Rc1 bxc3 33. bxc3 Rb5 34. Rc2 Kf5 35. h3 h5 36. c4 Rb4 37. Ke3 Ra4 38. f3 Ra3+ 39. Ke2 h4 40. gxh4 Kf4 41. d5 exd5 42. cxd5 cxd5 43. Rd2 Re3+ 44. Kd1 Ke5 45. Rf2 d4 46. Rb2 Kf4 47. Rb5 Re5 48. Rb7 Rf5 49. Ke2 Kg3 50. Rd7 Kxh4 51. Rxd4+ Kxh3 52. Kf2 Rb5 53. Ke3 f5 54. Rd1 Rb2 55. Rh1+ Rh2 56. Rg1 Rg2 57. Rh1+ Kg3 58. Rh6 f4+ 59. Ke4 Re2+ 60. Kd3 Re6 61. a4 Kxf3 62. Kc4 Kg3 63. Kb5 Re5+ 64. Kb6 g5 65. Rh1 Kg2 66. Rb1 f3 0-1

[Event "Mecklenburg VP LL2 West 1011"]
[Site "Mecklenburg VP"]
[Date "2010.10.24"]
[Round "2.1"]
[White "Potthammel, Joerg"]
[Black "Rabinowitsch, Juri"]
[Result "0-1"]
[WhiteElo "2018"]
[BlackElo "1784"]
[PlyCount "57"]
[EventDate "2010.10.10"]
[EventType "team-tourn"]
[EventRounds "9"]
[EventCountry "GER"]
[SourceTitle "EXT 2022"]
[Source "ChessBase"]
[SourceDate "2021.10.06"]
[SourceVersion "1"]
[SourceVersionDate "2021.10.06"]
[SourceQuality "1"]
[WhiteTeam "Malchow Schachinsel"]
[BlackTeam "Schwerin SF III"]
[WhiteTeamCountry "GER"]
[BlackTeamCountry "GER"]

1. e4 c5 2. Nf3 d6 3. d4 cxd4 4. Nxd4 Nf6 5. Nc3 a6 6. Bg5 e6 7. f4 Nbd7 8. Qf3 Qc7 9. 0-0-0 Be7 10. Kb1 b5 11. e5 Bb7 12. Qg3 dxe5 13. fxe5 Nh5 14. Qh4 Bxg5 15. Qxh5 Qxe5 16. Nxe6 Bf6 17. Qxe5 Bxe5 18. Nd4 Rd8 19. Nf5 0-0 20. Bd3 Nc5 21. Nh4 Bxc3 22. bxc3 Na4 23. Rde1 Nxc3+ 24. Kb2 Na4+ 25. Kc1 Nc5 26. Be2 Bd5 27. a3 g6 28. Nf3 Rc8 29. Rhf1 0-1

[Event "Mecklenburg VP LL2 West 0910"]
[Site "Mecklenburg VP"]
[Date "2010.01.24"]
[Round "5.2"]
[White "Nuenchert, Sebastian"]
[Black "Rabinowitsch, Juri"]
[Result "1-0"]
[WhiteElo "1665"]
[BlackElo "1688"]
[PlyCount "117"]
[EventDate "2009.10.18"]
[EventType "team-tourn"]
[EventRounds "9"]
[EventCountry "GER"]
[SourceTitle "EXT 2016"]
[Source "ChessBase"]
[SourceDate "2015.10.08"]
[SourceVersion "1"]
[SourceVersionDate "2015.10.08"]
[SourceQuality "1"]
[WhiteTeam "Ludwigslust Post SV II"]
[BlackTeam "Schwerin SF III"]
[WhiteTeamCountry "GER"]
[BlackTeamCountry "GER"]

1. e4 c5 2. Nf3 d6 3. d4 cxd4 4. Nxd4 Nf6 5. Nc3 a6 6. Bg5 e6 7. Be2 Nbd7 8. 0-0 h6 9. Be3 Qc7 10. a4 b6 11. f3 Bb7 12. Qd2 Rc8 13. Bd3 Ne5 14. Qe2 Nc4 15. Bxc4 Qxc4 16. Qf2 Be7 17. Kh1 Nd7 18. Nde2 Qc7 19. Rfd1 Bf6 20. Bd4 0-0 21. Bxf6 Nxf6 22. Rd2 Rfd8 23. Rad1 Rd7 24. Qg3 Rcd8 25. Nd4 d5 26. e5 Nh5 27. Qe1 g6 28. Qe3 Kh7 29. g4 Ng7 30. h4 Rh8 31. Rh2 Qd8 32. Nce2 Qe7 33. c3 Rdd8 34. Ng3 Rc8 35. f4 Rhe8 36. h5 g5 37. Qd3+ Kg8 38. Qe3 f6 39. exf6 Qxf6 40. fxg5 Qxg5 41. Qxg5 hxg5 42. h6 e5 43. hxg7 exd4 44. cxd4 Kxg7 45. Nf5+ Kg8 46. Nd6 Re7 47. Nxc8 Bxc8 48. Rh5 Rg7 49. Rg1 Bd7 50. b3 a5 51. Kh2 b5 52. axb5 Bxb5 53. Kg3 a4 54. bxa4 Bxa4 55. Re1 Kf7 56. Re5 Kf6 57. Rh6+ Kf7 58. Rxd5 Bb3 59. Rd7+ 1-0